English Football Derbies #2 - Statistics

General Stats
  • This quiz has been taken 687 times
  • The average score is 14 of 20
Answer Stats
Derby Club % Correct
North London derby Arsenal
99%
North London derby Tottenham Hotspur
99%
Second City derby Birmingham City
89%
Second City derby Aston Villa
88%
Steel City derby Sheffield United
86%
Steel City derby Sheffield Wednesday
86%
South Coast derby Southampton
86%
South Coast derby Portsmouth
84%
East Midlands derby Derby County
69%
East Midlands derby Nottingham Forest
68%
Cross-border derby Wrexham
63%
West Lancashire derby Blackpool
61%
Essex derby Colchester United
59%
West Lancashire derby Preston North End
59%
Essex derby Southend United
56%
Cross-border derby Chester
51%
M1 derby Watford
44%
M1 derby Luton Town
43%
Nene derby Northampton Town
36%
Nene derby Peterborough United
36%
No matching quizzes found
Score Distribution
Percent of People with Each Score
Percentile by Number Answered
Your Score History
You have not taken this quiz